000
00316nam a22001457a 4500
008
231004b ||||| |||| 00| 0 eng d
020
_a
9780521345613
041
_a
eng
080
_a
521
082
_a
521BLA
100
_a
19
101
_a
ASTRO
245
_a
QSO ABSORPTION LINES
_c
BLADES.CH.J
942
_2
udc
_c
BK
999
_c
60419
_d
60419